Social research : (Record no. 4009)

MARC details
000 -LEADER
fixed length control field 00743nam a22002417i 4500
003 - CONTROL NUMBER IDENTIFIER
control field URS
005 - DATE AND TIME OF LATEST TRANSACTION
control field 20251001091322.0
008 - FIXED-LENGTH DATA ELEMENTS--GENERAL INFORMATION
fixed length control field 181206s2004 ph ||||| |||| 00| 0 eng d
020 ## - INTERNATIONAL STANDARD BOOK NUMBER
International Standard Book Number 9712337731
040 ## - CATALOGING SOURCE
Language of cataloging eng
Description conventions rda
Transcribing agency URS
050 14 - LIBRARY OF CONGRESS CALL NUMBER
Classification number LB15
Item number .R33 2004
100 1# - MAIN ENTRY--PERSONAL NAME
Personal name Reyes, Milagros Z.
Relator term author
245 10 - TITLE STATEMENT
Title Social research :
Remainder of title a deductive approach /
Statement of responsibility, etc. Milagros Z. Reyes.
264 #1 - PRODUCTION, PUBLICATION, DISTRIBUTION, MANUFACTURE, AND COPYRIGHT NOTICE
Place of production, publication, distribution, manufacture Manila
Name of producer, publisher, distributor, manufacturer Rex Book Store
Date of production, publication, distribution, manufacture, or copyright notice [date of publication not identified].
264 #4 - PRODUCTION, PUBLICATION, DISTRIBUTION, MANUFACTURE, AND COPYRIGHT NOTICE
Date of production, publication, distribution, manufacture, or copyright notice ©2004
300 ## - PHYSICAL DESCRIPTION
Extent v, 187 pages :
Other physical details colored illustrations ;
Dimensions 22 cm.
336 ## - CONTENT TYPE
Content type term text
Content type code txt
Source rdacontent
336 ## - CONTENT TYPE
Content type term still image
Content type code sti
Source rdacontent
337 ## - MEDIA TYPE
Media type term unmediated
Media type code n
Source rdamedia
338 ## - CARRIER TYPE
Carrier type term volume
Carrier type code nc
Source rdacarrier
650 #0 - SUBJECT ADDED ENTRY--TOPICAL TERM
Topical term or geographic name entry element Socila Research
942 ## - ADDED ENTRY ELEMENTS (KOHA)
Koha item type Filipiniana
Source of classification or shelving scheme Library of Congress Classification
Holdings
Withdrawn status Source of classification or shelving scheme Damaged status Not for loan Collection code Home library Current library Shelving location Date acquired Total Checkouts Full call number Barcode Date last seen Price effective from Koha item type Date last checked out
  Library of Congress Classification     Non-fiction Binangonan College Library Binangonan College Library Filipiniana Section 06/07/2023   H 62.5 R457 URSBIN-1414 02/24/2016 09/11/2019 Filipiniana  
  Library of Congress Classification     Non-fiction Binangonan College Library Binangonan College Library Filipiniana Section 06/07/2023   H 62.5 R457 URSBIN-1416 05/06/2016 05/06/2016 Filipiniana  
  Library of Congress Classification     Non-fiction Binangonan College Library Binangonan College Library Filipiniana Section 06/07/2023   H 62.5 R457 URSBIN-1417 05/06/2016 05/06/2016 Filipiniana  
  Library of Congress Classification     Non-fiction Binangonan College Library Binangonan College Library Filipiniana Section 06/07/2023   H 62.5 R457 URSBIN-1418 05/06/2016 05/06/2016 Filipiniana  
  Library of Congress Classification     Non-fiction Binangonan College Library Binangonan College Library Filipiniana Section 06/07/2023   H 62.5 R457 URSBIN-1419 05/06/2016 05/06/2016 Filipiniana  
  Library of Congress Classification     Non-fiction Tanay College Library Tanay College Library Reserve Section 02/02/2015 1 LB15 .R33 2004 URSTAN-N228 03/16/2017 02/02/2015 Reserved Books 11/09/2016
  Library of Congress Classification     Non-fiction Tanay College Library Tanay College Library Reserve Section 02/02/2015   LB15 .R33 2004 URSTAN-N229 02/02/2015 02/02/2015 Reserved Books  

University of Rizal System
Email us at univlibservices@urs.edu.ph

Visit our Website www.urs.edu.ph/library